<?xml version="1.0" encoding="UTF-8"?>
<record
    xmlns:xsi="http://www.w3.org/2001/XMLSchema-instance"
    xsi:schemaLocation="http://www.loc.gov/MARC21/slim http://www.loc.gov/standards/marcxml/schema/MARC21slim.xsd"
    xmlns="http://www.loc.gov/MARC21/slim">

  <leader>00875nam a22002537a 4500</leader>
  <controlfield tag="005">20170123162315.0</controlfield>
  <datafield tag="010" ind1=" " ind2=" ">
    <subfield code="a">B-058153</subfield>
  </datafield>
  <datafield tag="020" ind1=" " ind2=" ">
    <subfield code="c">100.00</subfield>
  </datafield>
  <datafield tag="035" ind1=" " ind2=" ">
    <subfield code="a">B-058153</subfield>
  </datafield>
  <datafield tag="037" ind1=" " ind2=" ">
    <subfield code="b">Cen Lib/Ret</subfield>
  </datafield>
  <datafield tag="040" ind1=" " ind2=" ">
    <subfield code="a">DPL</subfield>
    <subfield code="b">UR</subfield>
  </datafield>
  <datafield tag="082" ind1=" " ind2=" ">
    <subfield code="a">841</subfield>
    <subfield code="b">&#x635; &#x62F; &#x6CC;</subfield>
  </datafield>
  <datafield tag="100" ind1=" " ind2=" ">
    <subfield code="a">&#x633;&#x62F;&#x62F;&#x6CC;&#x642;&#x6CC;&#x60C; &#x627;&#x631;&#x634;&#x62F; </subfield>
    <subfield code="9">399</subfield>
  </datafield>
  <datafield tag="245" ind1=" " ind2=" ">
    <subfield code="a">&#x637;&#x64F;&#x644;&#x648;&#x639;&#x650; &#x633;&#x64E;&#x62D;&#x631; :</subfield>
    <subfield code="c">&#x627;&#x631;&#x634;&#x62F;  &#x633;&#x62F;&#x62F;&#x6CC;&#x642;&#x6CC; </subfield>
    <subfield code="b">&#x622;&#x63A;&#x627;&#x632; &#x634;&#x627;&#x639;&#x631;&#x6CC; &#x6A9;&#x627; &#x627;&#x646;&#x62A;&#x62E;&#x627;&#x628; &#x6A9;&#x644;&#x627;&#x645; /</subfield>
  </datafield>
  <datafield tag="246" ind1=" " ind2=" ">
    <subfield code="a">Talve sahar /</subfield>
    <subfield code="b">by Aghaz e shaari ka intekhab kalam /</subfield>
  </datafield>
  <datafield tag="260" ind1=" " ind2=" ">
    <subfield code="a">&#x628;&#x6BE;&#x648;&#x67E;&#x627;&#x644; </subfield>
    <subfield code="b">&#x645;&#x642;&#x62A;&#x628;&#x6C1; &#x62F;&#x627;&#x646;&#x634;&#x62A;&#x627;&#x62F;&#x6C1; </subfield>
    <subfield code="c">2000</subfield>
  </datafield>
  <datafield tag="270" ind1=" " ind2=" ">
    <subfield code="b">&#x628;&#x6BE;&#x648;&#x67E;&#x627;&#x644; </subfield>
    <subfield code="a">&#x633;&#x6CC; &#x666;&#x663;&#x60C; &#x628;&#x627;&#x63A; &#x627;&#x645;&#x631;&#x648;&#x62F; &#x648; &#x644;&#x6A9;&#x6BE;&#x627; &#x6A9;&#x648;&#x644;&#x648;&#x646;&#x6CC; </subfield>
  </datafield>
  <datafield tag="300" ind1=" " ind2=" ">
    <subfield code="a">144p.</subfield>
    <subfield code="c">21cm(Hb)</subfield>
  </datafield>
  <datafield tag="650" ind1=" " ind2=" ">
    <subfield code="a">&#x627;&#x631;&#x62F;&#x648; &#x627;&#x62F;&#x628; </subfield>
    <subfield code="9">114021</subfield>
  </datafield>
  <datafield tag="650" ind1=" " ind2=" ">
    <subfield code="a">&#x627;&#x631;&#x62F;&#x648; &#x646;&#x638;&#x645; </subfield>
    <subfield code="9">114022</subfield>
  </datafield>
  <datafield tag="650" ind1=" " ind2=" ">
    <subfield code="a">Urdu literature </subfield>
    <subfield code="9">114023</subfield>
  </datafield>
  <datafield tag="650" ind1=" " ind2=" ">
    <subfield code="a">Urdu poetry</subfield>
    <subfield code="9">114024</subfield>
  </datafield>
  <datafield tag="942" ind1=" " ind2=" ">
    <subfield code="2">ddc</subfield>
    <subfield code="c">UR</subfield>
    <subfield code="h">841</subfield>
    <subfield code="m">&#x635; &#x62F; &#x6CC;</subfield>
  </datafield>
  <datafield tag="999" ind1=" " ind2=" ">
    <subfield code="c">106648</subfield>
    <subfield code="d">106648</subfield>
  </datafield>
  <datafield tag="952" ind1=" " ind2=" ">
    <subfield code="0">0</subfield>
    <subfield code="1">0</subfield>
    <subfield code="4">0</subfield>
    <subfield code="7">0</subfield>
    <subfield code="a">L</subfield>
    <subfield code="b">L</subfield>
    <subfield code="d">2015-12-28</subfield>
    <subfield code="e">Cen Lib/Ret</subfield>
    <subfield code="g">100.00</subfield>
    <subfield code="l">0</subfield>
    <subfield code="o">841 &#x635; &#x62F; &#x6CC;</subfield>
    <subfield code="p">B-058153</subfield>
    <subfield code="r">2015-12-28 00:00:00</subfield>
    <subfield code="t">1</subfield>
    <subfield code="v">100.00</subfield>
    <subfield code="w">2015-12-28</subfield>
    <subfield code="y">UR</subfield>
  </datafield>
</record>
